000
00250nam a22001097a 4500
082
_a
491.43903 FER'F
100
_a
FEROZ-UD-DIN
_9
74740
245
_a
FEROZ DICTIONARY (URDU ED)
260
_a
LAHORE
_b
FEROZ SONS
_c
1983
300
_a
1472P
942
_c
BK
999
_c
580656
_d
580656